Le plus grand ville commençant par C dans ce pays n°2 - Statistiques

Statistiques générales
  • Ce quiz a été pris 287 fois
    204 depuis la dernière actualisation
  • Le résultat moyen est 9 sur 15
Statistiques - réponses
Pays C-ville % Correct
Maroc Casablanca
92%
Danemark Copenhague
91%
Australie Canberra
88%
Pologne Cracovie
84%
Inde Calcutta
78%
Allemagne Cologne
76%
Moldavie Chisinau
69%
Guinée Conakry
66%
Royaume-Uni Cardiff
52%
Benin Cotonou
47%
Colombie Cali
43%
Nouvelle-zelande Christchurch
39%
Algerie Constantine
34%
Portugal Coimbra
32%
Suisse Coire
15%
Aucun quiz correspondant
Distribution des résultats
% des personnes avec chaque résultat
Percentile par nombre de réponses
Votre historique - résultats
Vous n’avez pas pris ce quiz depuis la dernière actualisation